000
00245nam a2200097 4500
082
0
_a
966
245
1
0
_a
The nationalist movement in sudan
260
_a
Khartoum
_b
Institute of African and Asian Studies
_c
c.1989
300
_a
438 p.
942
_2
ddc
_c
BK
999
_c
64038
_d
64012